[Event "Oberliga Nord W 1819"]
[Site "Germany"]
[Date "2018.11.11"]
[Round "2.8"]
[White "Ter Stal, Sven"]
[Black "Wolter, Jens"]
[Result "1/2-1/2"]
[WhiteElo "1920"]
[BlackElo "2142"]
[PlyCount "56"]
[EventDate "2018.10.21"]
[EventType "team-tourn"]
[EventRounds "9"]
[EventCountry "GER"]
[SourceTitle "EXT 2020"]
[Source "ChessBase"]
[SourceDate "2019.10.17"]
[SourceVersion "1"]
[SourceVersionDate "2019.10.17"]
[SourceQuality "1"]
[WhiteTeam "Nordhorn Blanke"]
[BlackTeam "Lister Turm"]
[WhiteTeamCountry "GER"]
[BlackTeamCountry "GER"]

1. e4 c5 2. Nf3 Nc6 3. d4 cxd4 4. Nxd4 g6 5. Be3 Nf6 6. Nc3 Bg7 7. Bc4 0-0 8. Bb3 a5 9. f3 d5 10. Nxc6 bxc6 11. exd5 Nxd5 12. Nxd5 cxd5 13. Bd4 e6 14. Bxg7 Kxg7 15. Qd4+ Qf6 16. c3 Bd7 17. 0-0-0 Rfc8 18. Qxf6+ Kxf6 19. Rd4 a4 20. Bc2 Rc5 21. a3 e5 22. Rb4 Ke6 23. g4 h6 24. h4 Ra6 25. g5 h5 26. Re1 Kd6 27. Rd1 Ke6 28. Re1 Kd6 1/2-1/2

[Event "Oberliga Nord N 1718"]
[Site "Germany"]
[Date "2018.04.15"]
[Round "9.1"]
[White "Danielsen, Henrik"]
[Black "Wolter, Jens"]
[Result "1-0"]
[WhiteElo "2500"]
[BlackElo "2152"]
[PlyCount "93"]
[EventDate "2017.10.08"]
[EventType "team-tourn"]
[EventRounds "9"]
[EventCountry "GER"]
[SourceTitle "EXT 2019"]
[Source "ChessBase"]
[SourceDate "2018.10.10"]
[SourceVersion "1"]
[SourceVersionDate "2018.10.10"]
[SourceQuality "1"]
[WhiteTeam "Schwerin"]
[BlackTeam "Bargteheide"]
[WhiteTeamCountry "GER"]
[BlackTeamCountry "GER"]

1. Nf3 c5 2. g3 Nc6 3. Bg2 g6 4. 0-0 Bg7 5. d3 Nf6 6. Nc3 0-0 7. a3 Rb8 8. e4 d6 9. h3 Bd7 10. Be3 e5 11. b4 b6 12. b5 Nd4 13. a4 Nxf3+ 14. Qxf3 Be6 15. Kh2 Nd7 16. Ra3 f5 17. exf5 gxf5 18. Qe2 Qf6 19. f4 Kh8 20. Nd5 Qd8 21. c4 Nf6 22. fxe5 dxe5 23. Bg5 Bxd5 24. Bxd5 Ng4+ 25. hxg4 Qxg5 26. gxf5 Rxf5 27. Rxf5 Qxf5 28. Be4 Qg5 29. Ra1 Rf8 30. Kg2 Rf6 31. Rh1 Rh6 32. Rxh6 Qxh6 33. Bf5 Qf6 34. Qh5 h6 35. Kf3 Bf8 36. Ke4 Kg7 37. Qe8 Be7 38. Qb8 Qd6 39. Qxa7 Kf6 40. Qd7 Qd4+ 41. Qxd4 exd4 42. g4 Bd8 43. Bc8 Kg5 44. Kd5 Kf4 45. Kc6 Ke3 46. Bf5 Kd2 47. Kd7 1-0

[Event "Oberliga Nord N 1718"]
[Site "Germany"]
[Date "2018.03.18"]
[Round "8.3"]
[White "Wolter, Jens"]
[Black "Hermesmann, Hans"]
[Result "0-1"]
[WhiteElo "2152"]
[BlackElo "2242"]
[PlyCount "82"]
[EventDate "2017.10.08"]
[EventType "team-tourn"]
[EventRounds "9"]
[EventCountry "GER"]
[SourceTitle "EXT 2019"]
[Source "ChessBase"]
[SourceDate "2018.10.10"]
[SourceVersion "1"]
[SourceVersionDate "2018.10.10"]
[SourceQuality "1"]
[WhiteTeam "Bargteheide"]
[BlackTeam "Hamburg SF"]
[WhiteTeamCountry "GER"]
[BlackTeamCountry "GER"]

1. e4 g6 2. d4 Bg7 3. Nc3 d6 4. Be3 a6 5. a4 b6 6. Bc4 e6 7. Nf3 Ne7 8. Qd2 h6 9. 0-0 Nd7 10. Rfe1 Bb7 11. Rad1 Nf6 12. Bd3 g5 13. Qe2 Nd7 14. Nd2 Nc6 15. d5 Nce5 16. dxe6 fxe6 17. Qh5+ Ke7 18. Nc4 Qe8 19. Qe2 Qg6 20. Qd2 g4 21. Kh1 Nxc4 22. Bxc4 Be5 23. Bd4 Bxd4 24. Qxd4 Ne5 25. Bd3 c5 26. Qe3 Qg5 27. Bf1 Raf8 28. Qd2 Qxd2 29. Rxd2 Rf4 30. Red1 Rd8 31. Re1 h5 32. b3 h4 33. g3 Rf6 34. Rde2 h3 35. Rd1 Rdf8 36. f4 gxf3 37. Red2 f2 38. Rxd6 Rf3 39. Rxb6 Bc6 40. Nd5+ exd5 41. exd5 Re3 0-1

[Event "Oberliga Nord N 1718"]
[Site "Germany"]
[Date "2017.12.10"]
[Round "4.3"]
[White "Kololli, Martin"]
[Black "Wolter, Jens"]
[Result "1-0"]
[WhiteElo "2316"]
[BlackElo "2152"]
[PlyCount "99"]
[EventDate "2017.10.08"]
[EventType "team-tourn"]
[EventRounds "9"]
[EventCountry "GER"]
[SourceTitle "EXT 2019"]
[Source "ChessBase"]
[SourceDate "2018.10.10"]
[SourceVersion "1"]
[SourceVersionDate "2018.10.10"]
[SourceQuality "1"]
[WhiteTeam "Luebeck"]
[BlackTeam "Bargteheide"]
[WhiteTeamCountry "GER"]
[BlackTeamCountry "GER"]

1. f4 c5 2. Nf3 Nc6 3. g3 g6 4. Bg2 Bg7 5. 0-0 d6 6. d3 e6 7. c3 Nge7 8. a4 0-0 9. Na3 Rb8 10. e4 a6 11. Nh4 Qc7 12. g4 f5 13. gxf5 exf5 14. Nc4 b5 15. axb5 axb5 16. Ne3 b4 17. Bd2 bxc3 18. bxc3 Kh8 19. exf5 Nxf5 20. Nhxf5 Bxf5 21. Nxf5 gxf5 22. Re1 Ne7 23. Ra6 Ng6 24. Re6 Rb6 25. Rxb6 Qxb6 26. Qe1 Qc7 27. Bd5 Bf6 28. Kh1 Ne7 29. Bg2 d5 30. c4 dxc4 31. dxc4 Ng6 32. Bd5 Bd4 33. h4 Qg7 34. Re8 Rxe8 35. Qxe8+ Nf8 36. Be3 Bxe3 37. Qxe3 Qf6 38. Kg2 Ng6 39. h5 Ne7 40. Qxc5 Nxd5 41. cxd5 Qg7+ 42. Kh2 Qf7 43. Kg3 Qg7+ 44. Kf2 Qb2+ 45. Kf3 Qb3+ 46. Kg2 Qb2+ 47. Kh3 Kg8 48. Qc8+ Kg7 49. Qd7+ Kf6 50. Qe6+ 1-0

[Event "DEN-chT 1718 56th"]
[Site "Denmark"]
[Date "2017.12.03"]
[Round "3.8"]
[White "Wolter, Jens"]
[Black "Jensen, Jacob Bjerre"]
[Result "1-0"]
[WhiteElo "2152"]
[BlackElo "2140"]
[PlyCount "93"]
[EventDate "2017.11.18"]
[EventType "team-tourn"]
[EventRounds "9"]
[EventCountry "DEN"]
[SourceTitle "EXT 2019"]
[Source "ChessBase"]
[SourceDate "2018.10.10"]
[SourceVersion "1"]
[SourceVersionDate "2018.10.10"]
[SourceQuality "1"]
[WhiteTeam "BOV"]
[BlackTeam "Aarhus/Skolerne"]
[WhiteTeamCountry "DEN"]
[BlackTeamCountry "DEN"]

1. e4 e6 2. d4 d5 3. e5 c5 4. c3 Qb6 5. a3 Nc6 6. Nf3 c4 7. g3 Bd7 8. Bg2 Na5 9. Nbd2 Ne7 10. 0-0 h6 11. Re1 Qc7 12. Rb1 Nc8 13. Nf1 Nb6 14. Qe2 Be7 15. h4 0-0-0 16. Be3 Ba4 17. N3h2 Kb8 18. Kh1 Rc8 19. Bh3 Qd8 20. h5 Qg8 21. Bf4 Qh7 22. Ne3 Ka8 23. g4 Rcg8 24. Bg3 g6 25. Rg1 gxh5 26. gxh5 Rg5 27. Bg4 Rgg8 28. Rbe1 Nb3 29. Bf3 Bg5 30. Nhg4 Qd3 31. Rd1 Qxe2 32. Bxe2 Bd7 33. f4 Be7 34. Bf3 Rf8 35. Nf6 Bxf6 36. exf6 Na4 37. Rg2 Rc8 38. Rdg1 Rc6 39. Ng4 Be8 40. Ne5 Rc8 41. Bh4 Rf8 42. Rg8 Bb5 43. Rxf8 Rxf8 44. Nxf7 Nd2 45. Be2 Kb8 46. Ne5 Be8 47. f7 1-0

[Event "Oberliga Nord N 1718"]
[Site "Germany"]
[Date "2017.10.08"]
[Round "1.3"]
[White "Wolter, Jens"]
[Black "Zimmermann, Julian"]
[Result "0-1"]
[WhiteElo "2152"]
[BlackElo "2330"]
[PlyCount "86"]
[EventDate "2017.10.08"]
[EventType "team-tourn"]
[EventRounds "9"]
[EventCountry "GER"]
[SourceTitle "EXT 2019"]
[Source "ChessBase"]
[SourceDate "2018.10.10"]
[SourceVersion "1"]
[SourceVersionDate "2018.10.10"]
[SourceQuality "1"]
[WhiteTeam "Bargteheide"]
[BlackTeam "Hamburg Koenigsspringer"]
[WhiteTeamCountry "GER"]
[BlackTeamCountry "GER"]

1. e4 e6 2. d4 d5 3. e5 c5 4. c3 Nc6 5. Be3 Nh6 6. Nf3 Qb6 7. Qd2 Nf5 8. Be2 Nxe3 9. fxe3 Bd7 10. 0-0 Be7 11. Kh1 0-0 12. Bd3 f5 13. exf6 Bxf6 14. Qc2 g6 15. Nbd2 Kg7 16. Rae1 Rac8 17. Qb3 Qxb3 18. Nxb3 c4 19. Nc5 Rc7 20. Bc2 Bc8 21. e4 Nd8 22. exd5 exd5 23. b4 b6 24. Na4 Re7 25. Rxe7+ Bxe7 26. Kg1 Bd6 27. Re1 Nf7 28. Nb2 Bg4 29. Bd1 Bf5 30. Ba4 Rc8 31. Nd1 Kf6 32. Ne3 Be6 33. Bd1 a5 34. bxa5 bxa5 35. Bc2 Rb8 36. Rb1 Rxb1+ 37. Bxb1 Bf4 38. Kf2 Nd6 39. h3 Nb5 40. Bc2 Nxc3 41. a4 Bd7 42. Ng4+ Ke6 43. g3 Bc1 0-1

[Event "Oberliga Nord N 1516"]
[Site "Germany"]
[Date "2016.03.13"]
[Round "8.3"]
[White "Pfreundt, Jakob"]
[Black "Wolter, Jens"]
[Result "1-0"]
[WhiteElo "2260"]
[BlackElo "2116"]
[PlyCount "107"]
[EventDate "2015.09.20"]
[EventType "team-tourn"]
[EventRounds "9"]
[EventCountry "GER"]
[SourceTitle "EXT 2017"]
[Source "ChessBase"]
[SourceDate "2016.10.25"]
[SourceVersion "1"]
[SourceVersionDate "2016.10.25"]
[SourceQuality "1"]
[WhiteTeam "Hamburg Koenigsspringer"]
[BlackTeam "Bargteheide"]
[WhiteTeamCountry "GER"]
[BlackTeamCountry "GER"]

1. e4 c5 2. Nf3 g6 3. d4 cxd4 4. Qxd4 Nf6 5. Nc3 Nc6 6. Qa4 d6 7. e5 dxe5 8. Nxe5 Qd4 9. Nxc6 Qxa4 10. Nxa4 bxc6 11. Be3 Bg7 12. 0-0-0 0-0 13. Bc4 Re8 14. Rhe1 Nd7 15. Bb3 Bf8 16. Nc5 Nxc5 17. Bxc5 e6 18. Bxf8 Kxf8 19. Ba4 Rb8 20. Bxc6 Re7 21. Rd8+ Kg7 22. Red1 Rc7 23. Bd7 Kf6 24. Bxc8 Rbxc8 25. Rxc8 Rxc8 26. Rd7 a6 27. b3 Rc6 28. c4 e5 29. Kc2 Ke6 30. Ra7 h5 31. Kc3 f5 32. b4 e4 33. c5 Ke5 34. g3 g5 35. Re7+ Kf6 36. Rh7 Rc8 37. Rh6+ Ke5 38. Rxh5 Rd8 39. Kc2 Rd4 40. Rxg5 Rxb4 41. g4 Kf4 42. Rxf5+ Kxg4 43. Rf6 Rc4+ 44. Kd2 Rxc5 45. Rxa6 Kf3 46. Rf6+ Kg2 47. Ke3 Ra5 48. Kxe4 Kxh2 49. f4 Kg3 50. Rg6+ Kh3 51. f5 Rxa2 52. Kf4 Ra4+ 53. Kg5 Ra5 54. Rb6 1-0

[Event "Oberliga Nord N 1516"]
[Site "Germany"]
[Date "2016.02.21"]
[Round "7.3"]
[White "Wolter, Jens"]
[Black "Rittemann, Steffen"]
[Result "1/2-1/2"]
[WhiteElo "2116"]
[BlackElo "2154"]
[PlyCount "113"]
[EventDate "2015.09.20"]
[EventType "team-tourn"]
[EventRounds "9"]
[EventCountry "GER"]
[SourceTitle "EXT 2017"]
[Source "ChessBase"]
[SourceDate "2016.10.25"]
[SourceVersion "1"]
[SourceVersionDate "2016.10.25"]
[SourceQuality "1"]
[WhiteTeam "Bargteheide"]
[BlackTeam "Schwerin"]
[WhiteTeamCountry "GER"]
[BlackTeamCountry "GER"]

1. e4 c5 2. Nf3 a6 3. c3 e6 4. d4 d5 5. e5 Bd7 6. Be3 cxd4 7. cxd4 Bb5 8. Bxb5+ axb5 9. 0-0 Nc6 10. Nc3 b4 11. Nb5 Nh6 12. a4 Be7 13. Bxh6 gxh6 14. Qd2 Bf8 15. Nd6+ Bxd6 16. exd6 Qxd6 17. Qxh6 Rg8 18. Qh4 Rg6 19. Ne5 Nxe5 20. dxe5 Qe7 21. Qd4 Rc8 22. g3 Rc4 23. Qa7 Qc7 24. a5 Rgg4 25. Qa8+ Qc8 26. Qxc8+ Rxc8 27. f4 Rc2 28. Rf2 Rc4 29. Ra4 Kd7 30. a6 bxa6 31. Rxa6 Rg8 32. f5 exf5 33. Rxf5 Rg7 34. Rff6 Ke7 35. Ra7+ Kd8 36. Rd6+ Ke8 37. Rb6 Rc8 38. Rxb4 Rg5 39. Rf4 Rxe5 40. Raxf7 Rc2 41. Rf2 Rxb2 42. Rxh7 Rb1+ 43. Kg2 Rbe1 44. Ra2 R1e2+ 45. Rxe2 Rxe2+ 46. Kf3 Re6 47. Rh5 Rd6 48. Ke3 Kd7 49. h4 d4+ 50. Kd3 Rg6 51. Kxd4 Rxg3 52. Ke5 Ke7 53. Rh7+ Kf8 54. Kf6 Kg8 55. Rd7 Rg1 56. h5 Rg2 57. h6 1/2-1/2

[Event "Oberliga Nord N 1516"]
[Site "Germany"]
[Date "2016.01.31"]
[Round "6.3"]
[White "Kololli, Kevin"]
[Black "Wolter, Jens"]
[Result "1/2-1/2"]
[WhiteElo "2217"]
[BlackElo "2116"]
[PlyCount "46"]
[EventDate "2015.09.20"]
[EventType "team-tourn"]
[EventRounds "9"]
[EventCountry "GER"]
[SourceTitle "EXT 2017"]
[Source "ChessBase"]
[SourceDate "2016.10.25"]
[SourceVersion "1"]
[SourceVersionDate "2016.10.25"]
[SourceQuality "1"]
[WhiteTeam "Luebeck"]
[BlackTeam "Bargteheide"]
[WhiteTeamCountry "GER"]
[BlackTeamCountry "GER"]

1. e4 d6 2. d4 Nf6 3. Nc3 e5 4. dxe5 dxe5 5. Qxd8+ Kxd8 6. Nf3 Nc6 7. Bg5 Be6 8. Bb5 Bd6 9. 0-0-0 Kc8 10. Rhe1 Nd7 11. Be3 h6 12. Na4 a6 13. Bxc6 bxc6 14. b3 c5 15. c4 Kb7 16. Rd2 Kc6 17. Red1 Nf6 18. Nc3 Ng4 19. Nd5 Nxe3 20. Nxe3 g6 21. Nc2 Rae8 22. Nce1 f6 23. Re2 Rhg8 1/2-1/2

[Event "Oberliga Nord N 1516"]
[Site "Germany"]
[Date "2015.12.13"]
[Round "4.3"]
[White "Schroeder, Christoph"]
[Black "Wolter, Jens"]
[Result "0-1"]
[WhiteElo "2225"]
[BlackElo "2116"]
[PlyCount "90"]
[EventDate "2015.09.20"]
[EventType "team-tourn"]
[EventRounds "9"]
[EventCountry "GER"]
[SourceTitle "CBM 170 Extra"]
[Source "ChessBase"]
[SourceDate "2016.02.25"]
[SourceVersion "1"]
[SourceVersionDate "2016.02.25"]
[SourceQuality "1"]
[WhiteTeam "Eppendorf Johanneum"]
[BlackTeam "Bargteheide"]
[WhiteTeamCountry "GER"]
[BlackTeamCountry "GER"]

1. c4 c5 2. Nf3 Nc6 3. b3 Nf6 4. Bb2 e6 5. g3 Be7 6. Bg2 0-0 7. 0-0 d5 8. cxd5 Nxd5 9. a3 Bf6 10. Qc2 Bxb2 11. Qxb2 b6 12. Nc3 Nxc3 13. Qxc3 Bb7 14. d3 Nd4 15. Nxd4 cxd4 16. Qb2 Bxg2 17. Kxg2 Qd5+ 18. Kg1 f5 19. Rac1 Rac8 20. Rc4 Rxc4 21. bxc4 Qd6 22. Qb4 Qe5 23. Re1 f4 24. Kg2 Rf6 25. Qb5 Qd6 26. a4 Qf8 27. f3 fxg3 28. hxg3 Qd6 29. Rh1 h6 30. Rh5 Rg6 31. Qe5 Qd7 32. a5 bxa5 33. Qb8+ Kh7 34. Rxa5 Qe7 35. Qf4 Qb4 36. Rxa7 Qe1 37. Ra2 Qb1 38. Ra8 Qe1 39. Qe5 h5 40. Rd8 h4 41. g4 h3+ 42. Kxh3 Rh6+ 43. Kg2 Qh1+ 44. Kf2 Rh2+ 45. Kg3 Rg2+ 0-1

[Event "Oberliga Nord N 1516"]
[Site "Germany"]
[Date "2015.11.15"]
[Round "3.3"]
[White "Korba, Roman"]
[Black "Wolter, Jens"]
[Result "1/2-1/2"]
[WhiteElo "2185"]
[BlackElo "2116"]
[PlyCount "145"]
[EventDate "2015.09.20"]
[EventType "team-tourn"]
[EventRounds "9"]
[EventCountry "GER"]
[SourceTitle "CBM 170 Extra"]
[Source "ChessBase"]
[SourceDate "2016.02.25"]
[SourceVersion "1"]
[SourceVersionDate "2016.02.25"]
[SourceQuality "1"]
[WhiteTeam "Hamburg Diogenes"]
[BlackTeam "Bargteheide"]
[WhiteTeamCountry "GER"]
[BlackTeamCountry "GER"]

1. c4 c5 2. g3 Nc6 3. Bg2 g6 4. Nc3 Bg7 5. a3 Rb8 6. b4 d6 7. Bb2 Bd7 8. b5 Na5 9. d3 Nf6 10. Nh3 0-0 11. 0-0 d5 12. cxd5 Nxd5 13. Qc2 Nxc3 14. Bxc3 Bxc3 15. Qxc3 b6 16. a4 Bg4 17. Nf4 Qd6 18. h3 Bc8 19. h4 e5 20. Nd5 Bb7 21. e4 f5 22. f4 Rbe8 23. Rae1 Bxd5 24. exd5 exf4 25. gxf4 Kf7 26. Re5 Qf6 27. Rfe1 Nb7 28. d4 Qxh4 29. dxc5 Nxc5 30. d6 Ne4 31. Bxe4 fxe4 32. Re2 Qg4+ 33. Kf1 Rxe5 34. Qxe5 Re8 35. Qd5+ Qe6 36. Qb7+ Kf6 37. Qxh7 Qxd6 38. Qh4+ Kg7 39. Rh2 Qd1+ 40. Kg2 Qf3+ 41. Kg1 e3 42. Qh6+ Kf7 43. Qg5 Qd1+ 44. Kg2 Qc2+ 45. Kg3 Qf5 46. Qxf5+ gxf5 47. Kf3 Re4 48. Re2 Rxa4 49. Rxe3 Rc4 50. Kg3 Rc5 51. Ra3 Rxb5 52. Rxa7+ Kg6 53. Rd7 Rb4 54. Rd8 b5 55. Rb8 Kh6 56. Rh8+ Kg7 57. Rb8 Kf6 58. Rb6+ Ke7 59. Kh4 Rxf4+ 60. Kg5 Rb4 61. Kxf5 Kd7 62. Ke5 Kc7 63. Rh6 Rc4 64. Kd5 Kb7 65. Rg6 Rc8 66. Rh6 Ka7 67. Kd4 b4 68. Kd3 b3 69. Rh2 Ka6 70. Rb2 Rb8 71. Kc4 Ka5 72. Rxb3 Rxb3 73. Kxb3 1/2-1/2

[Event "Rhein Main op-A 18th"]
[Site "Bad Homburg"]
[Date "2015.06.04"]
[Round "2"]
[White "Wolter, Jens"]
[Black "Khenkin, Igor"]
[Result "0-1"]
[WhiteElo "2135"]
[BlackElo "2592"]
[PlyCount "52"]
[EventDate "2015.06.03"]
[EventType "swiss"]
[EventRounds "7"]
[EventCountry "GER"]
[SourceTitle "CBM 167 Extra"]
[Source "ChessBase"]
[SourceDate "2015.09.14"]
[SourceVersion "1"]
[SourceVersionDate "2015.09.14"]
[SourceQuality "1"]

1. e4 e6 2. d4 d5 3. e5 c5 4. c3 Nc6 5. Be3 Nh6 6. Nf3 Nf5 7. Be2 Qb6 8. Qd2 Nxe3 9. fxe3 Bd7 10. 0-0 Be7 11. Kh1 0-0-0 12. Na3 Kb8 13. Nc2 f6 14. Nce1 fxe5 15. Nxe5 Nxe5 16. dxe5 Rhf8 17. Nf3 Be8 18. b3 Qc7 19. Qe1 g5 20. Qg3 Rg8 21. h4 Bh5 22. hxg5 Bxf3 23. Bxf3 Bxg5 24. Bh5 Bf6 25. Qf4 Bxe5 26. Qf7 Qd6 0-1

[Event "Nuremberg LGA Cup 9th"]
[Site "Nuremberg"]
[Date "2012.09.09"]
[Round "7"]
[White "Wolter, Jens"]
[Black "Frey, Alisa"]
[Result "0-1"]
[WhiteElo "2102"]
[BlackElo "2005"]
[PlyCount "108"]
[EventDate "2012.09.06"]
[EventType "swiss"]
[EventRounds "7"]
[EventCountry "GER"]
[SourceTitle "CBM 150 Extra"]
[Source "ChessBase"]
[SourceDate "2012.10.19"]
[SourceVersion "1"]
[SourceVersionDate "2012.10.19"]
[SourceQuality "1"]

1. e4 e5 2. Nf3 Nc6 3. Bb5 a6 4. Bxc6 dxc6 5. 0-0 Qd6 6. Na3 Be6 7. Qe2 f6 8. Nc4 Qd7 9. d3 0-0-0 10. Be3 g5 11. Rfb1 h5 12. b4 h4 13. a4 c5 14. b5 Bxc4 15. dxc4 a5 16. b6 g4 17. Ne1 Qe6 18. bxc7 Kxc7 19. Rb5 b6 20. Rab1 Nh6 21. Nd3 Rb8 22. Qd2 Qxc4 23. Bxc5 Bxc5 24. Nxc5 Rbd8 25. Na6+ Kc8 26. Qe3 Qxc2 27. Re1 Rd1 28. Rxb6 Rxe1+ 29. Qxe1 Rd8 30. Rb8+ Kd7 31. Rxd8+ Kxd8 32. Qxa5+ Ke8 33. Qb5+ Kf7 34. a5 Qxe4 35. Qf1 Qd5 36. Nc7 Qxa5 37. Qc4+ Kg6 38. h3 Qe1+ 39. Qf1 Qxf1+ 40. Kxf1 gxh3 41. gxh3 Kf5 42. Nd5 Nf7 43. Kg2 Nd6 44. Ne7+ Kg5 45. Kf3 e4+ 46. Kg2 Nc4 47. Nd5 Ne5 48. Nc3 f5 49. Nd5 f4 50. Nc3 Kf5 51. Nd5 Nd3 52. Ne7+ Kg5 53. Nd5 f3+ 54. Kg1 Nf4 0-1

[Event "Nuremberg LGA Cup 9th"]
[Site "Nuremberg"]
[Date "2012.09.08"]
[Round "5"]
[White "Wolter, Jens"]
[Black "Rausch, Wolfgang1111"]
[Result "1-0"]
[WhiteElo "2102"]
[BlackElo "1875"]
[PlyCount "21"]
[EventDate "2012.09.06"]
[EventType "swiss"]
[EventRounds "7"]
[EventCountry "GER"]
[SourceTitle "CBM 150 Extra"]
[Source "ChessBase"]
[SourceDate "2012.10.19"]
[SourceVersion "1"]
[SourceVersionDate "2012.10.19"]
[SourceQuality "1"]

1. e4 Nf6 2. e5 Nd5 3. d4 d6 4. c4 Nb6 5. exd6 exd6 6. Nc3 Be7 7. Qf3 Nc6 8. Be3 Bf6 9. 0-0-0 0-0 10. h4 Qd7 11. c5 1-0

[Event "Nuremberg LGA Cup 9th"]
[Site "Nuremberg"]
[Date "2012.09.07"]
[Round "3"]
[White "Wolter, Jens"]
[Black "Seyb, Alexander"]
[Result "1/2-1/2"]
[WhiteElo "2102"]
[BlackElo "2313"]
[PlyCount "52"]
[EventDate "2012.09.06"]
[EventType "swiss"]
[EventRounds "7"]
[EventCountry "GER"]
[SourceTitle "CBM 150 Extra"]
[Source "ChessBase"]
[SourceDate "2012.10.19"]
[SourceVersion "1"]
[SourceVersionDate "2012.10.19"]
[SourceQuality "1"]

1. e4 c5 2. Nf3 d6 3. Bb5+ Nd7 4. 0-0 Ngf6 5. Re1 a6 6. Bf1 b6 7. c3 Bb7 8. d3 g6 9. h3 Bg7 10. Be3 0-0 11. Nbd2 Qc7 12. Rc1 Rfe8 13. Qc2 Rac8 14. Qb1 e5 15. c4 Nh5 16. Qc2 Nf4 17. Nb1 Ne6 18. Nc3 Nd4 19. Qd1 Qb8 20. Nd5 b5 21. b3 Nf6 22. Nxd4 cxd4 23. Nxf6+ Bxf6 24. Bd2 Bc6 25. g3 bxc4 26. bxc4 Qc7 1/2-1/2

[Event "Nuremberg LGA Cup 9th"]
[Site "Nuremberg"]
[Date "2012.09.07"]
[Round "2"]
[White "Wolter, Jens"]
[Black "Thuerauf, Peter"]
[Result "1-0"]
[WhiteElo "2102"]
[BlackElo "1876"]
[PlyCount "111"]
[EventDate "2012.09.06"]
[EventType "swiss"]
[EventRounds "7"]
[EventCountry "GER"]
[SourceTitle "CBM 150 Extra"]
[Source "ChessBase"]
[SourceDate "2012.10.19"]
[SourceVersion "1"]
[SourceVersionDate "2012.10.19"]
[SourceQuality "1"]

1. e4 c5 2. Nf3 e6 3. b3 d6 4. Bb2 Nf6 5. Bb5+ Bd7 6. Bxd7+ Nbxd7 7. Qe2 Qc7 8. 0-0 Be7 9. c4 Ne5 10. d4 Nxf3+ 11. Qxf3 0-0 12. dxc5 Qxc5 13. Nc3 Nd7 14. Rad1 Ne5 15. Qe2 f5 16. Na4 Qc7 17. exf5 exf5 18. f4 Ng6 19. g3 Rad8 20. Bd4 b6 21. Nc3 Bf6 22. Bxf6 Rxf6 23. Rfe1 Nf8 24. Nd5 Qc5+ 25. Qf2 Qxf2+ 26. Kxf2 Rh6 27. Kg2 Rd7 28. Ne7+ Kf7 29. Nxf5 Rf6 30. Ne3 Re6 31. Nd5 Rxe1 32. Rxe1 Ne6 33. Rd1 Nc5 34. Kf3 Rb7 35. Nc3 Ke7 36. b4 Na6 37. a3 Rd7 38. Nd5+ Ke6 39. Re1+ Kf7 40. Re4 Nb8 41. Ke3 Nc6 42. Kd3 Rb7 43. b5 Nd8 44. f5 Rd7 45. Kd4 Nb7 46. g4 Nc5 47. Re3 Rb7 48. Nb4 Nd7 49. Re6 Ne5 50. h3 Rd7 51. Nc6 Nf3+ 52. Kd5 Nd2 53. Re2 Nb1 54. Re3 Nd2 55. Rd3 Nf1 56. Ke4 1-0

[Event "Regionalliga SW 1112"]
[Site "Bayern"]
[Date "2012.02.05"]
[Round "6.8"]
[White "Wolter, Jens"]
[Black "Loos, Stephan"]
[Result "0-1"]
[WhiteElo "2051"]
[BlackElo "2028"]
[PlyCount "110"]
[EventDate "2011.10.02"]
[EventType "team-tourn"]
[EventRounds "9"]
[EventCountry "GER"]
[SourceTitle "EXT 2013"]
[Source "ChessBase"]
[SourceDate "2012.11.22"]
[SourceVersion "1"]
[SourceVersionDate "2012.11.22"]
[SourceQuality "1"]
[WhiteTeam "Garching II"]
[BlackTeam "Bayern Muenchen III"]
[WhiteTeamCountry "GER"]
[BlackTeamCountry "GER"]

1. e4 g6 2. Nf3 Bg7 3. d4 c6 4. a4 d5 5. e5 Bg4 6. Be2 e6 7. 0-0 Ne7 8. c3 0-0 9. a5 c5 10. dxc5 Nbc6 11. Bf4 Bxf3 12. Bxf3 Nxe5 13. Bxe5 Bxe5 14. a6 Qc7 15. axb7 Qxb7 16. b4 Nc6 17. Qb3 Qb8 18. Ra6 Qb5 19. Qa2 Nxb4 20. cxb4 Bxh2+ 21. Kxh2 Qxf1 22. Nc3 Rab8 23. b5 d4 24. Ne4 Qxb5 25. Rxa7 Rbd8 26. c6 Qe5+ 27. g3 d3 28. c7 Rc8 29. Qc4 Kg7 30. Qc6 d2 31. Qd6 Qb2 32. Nxd2 Qc3 33. Ne4 Qxf3 34. Qe5+ Kh6 35. Qf4+ Qxf4 36. gxf4 Kg7 37. Nd6 Kf6 38. Nb5 Ke7 39. Ra6 Ra8 40. Rb6 Rfc8 41. Kg3 Ra5 42. Rb8 Kd7 43. Nd6 Rxc7 44. Nxf7 Rf5 45. Ne5+ Ke7 46. Rh8 Kf6 47. Rf8+ Kg7 48. Re8 g5 49. Rxe6 Rxf4 50. f3 Rf6 51. Re8 h5 52. Kg2 Rc2+ 53. Kg3 Rc3 54. Kg2 Rf5 55. Re7+ Kf6 0-1

[Event "Dortmund Sparkassen op"]
[Site "Dortmund"]
[Date "2008.07.04"]
[Round "7"]
[White "Kunz, Konstantin"]
[Black "Wolter, Jens"]
[Result "0-1"]
[WhiteElo "2198"]
[BlackElo "2106"]
[PlyCount "106"]
[EventDate "2008.06.30"]
[EventType "swiss"]
[EventRounds "9"]
[EventCountry "GER"]
[SourceTitle "CBM 125 Extra"]
[Source "ChessBase"]
[SourceDate "2008.09.01"]
[SourceVersion "1"]
[SourceVersionDate "2008.09.01"]
[SourceQuality "1"]

1. d4 d5 2. c4 e6 3. Nc3 Nf6 4. Nf3 Be7 5. Bg5 0-0 6. e3 h6 7. Bh4 b6 8. Qb3 Bb7 9. Bxf6 Bxf6 10. cxd5 Bxd5 11. Nxd5 Qxd5 12. Bc4 Qd6 13. 0-0 Nc6 14. Ba6 Rad8 15. Rfd1 Nb8 16. Be2 c5 17. Qa4 cxd4 18. Nxd4 Qe7 19. h3 Rd7 20. Rd3 Rfd8 21. Rad1 Bxd4 22. Rxd4 Rxd4 23. Rxd4 Rxd4 24. Qxd4 Nd7 25. b4 Nf8 26. a3 Qc7 27. Qd3 Qc1+ 28. Bf1 Qc7 29. Qd2 Kh8 30. a4 Kg8 31. a5 bxa5 32. bxa5 Nd7 33. Qd3 Nf8 34. Qb5 Qe7 35. Qc6 Kh8 36. g3 Kg8 37. Bg2 Nh7 38. h4 h5 39. Qc8+ Nf8 40. Bf3 g6 41. Qc6 Kg7 42. Kg2 Nh7 43. Qc3+ Kg8 44. Qe5 Nf8 45. Bc6 Nh7 46. Qb8+ Nf8 47. Qe5 Nh7 48. Kf3 Qf6+ 49. Qxf6 Nxf6 50. Kf4 Kf8 51. e4 Ng4 52. f3 e5+ 53. Kg5 Kg7 0-1

[Event "Dortmund Sparkassen op"]
[Site "Dortmund"]
[Date "2008.07.03"]
[Round "5"]
[White "Stroessner, Lena"]
[Black "Wolter, Jens"]
[Result "1/2-1/2"]
[WhiteElo "1895"]
[BlackElo "2106"]
[PlyCount "56"]
[EventDate "2008.06.30"]
[EventType "swiss"]
[EventRounds "9"]
[EventCountry "GER"]
[SourceTitle "CBM 125 Extra"]
[Source "ChessBase"]
[SourceDate "2008.09.01"]
[SourceVersion "1"]
[SourceVersionDate "2008.09.01"]
[SourceQuality "1"]

1. Nf3 c5 2. c4 Nc6 3. d4 cxd4 4. Nxd4 g6 5. Nc3 Nf6 6. e4 d6 7. Be2 Nxd4 8. Qxd4 Bg7 9. Be3 0-0 10. Qd2 Be6 11. f3 Qa5 12. 0-0 Rfc8 13. b3 a6 14. Rac1 b5 15. Nb1 Qxd2 16. Nxd2 Bd7 17. c5 dxc5 18. Bxc5 e5 19. Be3 Be6 20. a4 Bd7 21. axb5 axb5 22. Nb1 Bf8 23. Rfd1 Be6 24. Bxb5 Bxb3 25. Rxc8 Rxc8 26. Rc1 Rxc1+ 27. Bxc1 Bc5+ 28. Kf1 Be6 1/2-1/2